| 000 | 01187nam a22001937a 4500 | ||
|---|---|---|---|
| 003 | BD-DhUL | ||
| 005 | 20180121135439.0 | ||
| 008 | 180121s1970 ii |||| |||| 000 0 ben d | ||
| 040 |
_aBD-DhUL _cBD-DhUL |
||
| 082 |
_a891.443 _bBIP |
||
| 100 | 1 | _aবিভুতিভূষণ বন্দোপাধ্যায় | |
| 245 | 1 |
_aঅপু (পথের পাঁচালী+অপরাজিত+কাজল) / _cবিভুতিভূষণ বন্দোপাধ্যায়, তারাদাস বন্দোপাধ্যায়। |
|
| 260 |
_aকলিকাতা : _bগ্রন্থপ্রকাশ, _c১৯৭০। |
||
| 300 |
_a খ. ; _c২১ সেমি. |
||
| 504 | 0 | _a সূচী : পথের পাঁচালী, বিভূতিভূষণ বন্দোপাধ্যায়, ১-২৪৮ পৃ (২) অপরাজিত, বিভূতিভূষণ বন্দোপাধ্যায়, ১-৩৩৫ পৃ (৩) কাজল, তারাদাস বন্দোপাধ্যায়, ১১২ পৃ। | |
| 650 | 4 | _aবাংলা উপন্যাস | |
| 650 | 4 | _aBengali fiction | |
| 942 |
_2ddc _cBK |
||
| 999 |
_c237298 _d237298 |
||